| 000 | 00656nam a22002057a 4500 | ||
|---|---|---|---|
| 999 |
_c19549 _d19549 |
||
| 003 | AR-CdUCM | ||
| 008 | 190517b ||||| |||| 00| 0 spa d | ||
| 040 |
_aMUNICIPALIDAD PROVINCIAL DEL CUSCO _cBIBLIOTECA MUNICIPAL DEL CUSCO |
||
| 082 |
_a869.56 / _bF65 |
||
| 100 |
_aFlores Palomino, Lily _940955 |
||
| 245 |
_aWaqalliq takin : _bTañido de campañas poesías / |
||
| 260 |
_aLima : _bConcytec _c1989. |
||
| 300 |
_a108 páginas ; _c22 cm. |
||
| 505 | _aContenido: Mañakuy -- Qespina -- Waqallikunaq phaqchan ... | ||
| 650 |
_aQuechua _92063 |
||
| 650 |
_aPoesía _9139 |
||
| 650 |
_aCusco _9772 |
||
| 942 |
_2ddc _cLIBROS |
||
| 945 |
_arah _d2019-05-18 |
||